[Event "Amber-rapid 20th"]
[Site "Monte Carlo"]
[Date "2011.03.20"]
[Round "8"]
[White "Aronian, Levon"]
[Black "Anand, Viswanathan"]
[Result "1-0"]
[WhiteElo "2808"]
[BlackElo "2817"]
[Annotator "Marin,M"]
[PlyCount "117"]
[EventDate "2011.03.12"]
[EventType "tourn (rapid)"]
[EventRounds "11"]
[EventCountry "MNC"]
[EventCategory "21"]
[SourceTitle "CBM 142"]
[Source "ChessBase"]
[SourceDate "2011.05.17"]
[SourceVersion "1"]
[SourceVersionDate "2011.05.17"]
[SourceQuality "1"]

1. c4 c5 2. Nf3 Nf6 3. Nc3 Nc6 4. e3 e6 5. d4 d5 {The game had started as an
English opening, but eventually reached a symmetrical Tarrasch tabyia. This
transposition used to be popular some 30-40 years ago, but at some point
strong players seemed to have lost faith in White's chances for an advantage.
In the present game, the variation proved an effective surprise weapon,
especially with restricted time for thinking. The previous generations had
established that both sides should refrain from inflicting on the opponent an
Isolani with an early exchange in the centre. They failed to find a way,
though, of maintaining a long term edge. Nowadays, players are used to getting
just a minimal or microscopic opening advantage, which may bring the tabyia
into the limelight again.} 6. a3 {Still following the old main line. If Black
develops his bishop, White would play dxc5 followed by b4, gaining space and
time. We can state that he would get a reversed Queen's Gambit Accepted with 2
extra tempi.} a6 {Black's most natural choice.} (6... Ne4 {is an important
alternative, aiming to break the symmetry, which famously was employed by
Fischer in the final part of his Candidates' final.} 7. Qc2 Nxc3 8. bxc3 (8.
Qxc3 $5 {, which was played in some later games, but none of them at the same
high level, may be a better chance for an advantage.}) 8... Be7 9. Bb2 O-O 10.
Bd3 h6 11. O-O Na5 12. Nd2 dxc4 13. Nxc4 Nxc4 14. Bxc4 b6 15. e4 Bb7 {With
easy play for Black. After having traded all the knights, he hardly can have
space problems. In Petrosian,T (2640)-Fischer,R (2760)/Buenos Aires 1971/
Candidates (0-1, 39) Black's queenside counterplay proved faster than White's
kingside attack.}) 7. dxc5 {It is hard to find another useful waiting move.}
Bxc5 8. b4 Ba7 9. Bb2 O-O 10. Qc2 (10. cxd5 exd5 11. Be2 {is best answered by}
d4 $1 $11 {With a complete simplification of the position.} 12. exd4 Nxd4 13.
Nxd4 Bxd4 14. O-O {1/2 (14) Ljubojevic,L (2605)-Tal,M (2625)/Bugojno 1978/MCL})
(10. Be2 {gives away a tempo for nothing:} dxc4 11. Bxc4 {Andersson,U (2605)
-Chandler,M (2575)/Tilburg 1992/CBM 032/[Ftacnik] (1-0, 28)}) 10... Qe7 {
It is instructive to notice that both players develop their queens according
to the concrete circumstances. Black can occupy the safe e7-square, because he
has developed his king's bishop already.} 11. Rd1 ({Once again, developing the
king's bishop would unnecessarily lose a tempo:} 11. Bd3 dxc4 12. Bxc4 Bd7 13.
O-O (13. Ne4 $5) 13... Rac8 14. Qe2 Bb8 15. Rac1 (15. Bd3 Ne5 16. Nxe5 Bxe5 17.
Ne4 {was recommended by Ivkov, failing to notice a simple tactical blow:} Bxh2+
$1 18. Kxh2 Nxe4 $17) 15... Ne5 16. Nxe5 Bxe5 $11 17. f4 Bb8 18. Bb3 Ba7 $15 {
Olafsson,F (2550)-Ivkov,B (2520)/Novi Sad 1976/EXT 99 (0-1, 41)}) 11... Rd8 {
We can see that, with some exceptions, Black is confined to imitate White's
play, even after the central tension has been relieved partially. The truth is
that useful waiting moves are not so numerous. The rook opposition along the
d-file is not without some inconvenience for Black, though.} ({It is risky to
release the tension completely, ignoring White's extra tempo with respect to
the game from the previous comment:} 11... dxc4 12. Bxc4 Bd7 13. Ne4 $14 {
This way of clearing diagonals for the bishops, which can be met in the notes
to this game more than once, is known from the old games of Rubinstein already.
} Nxe4 14. Qxe4 Rfe8 15. Qg4 g6 16. h4 $40 Rad8 17. h5 e5 18. Qg3 Bb8 $2 (18...
Be6 $8 19. Rxd8 Rxd8 20. hxg6 fxg6 21. Be2 $16) 19. hxg6 {1-0 Mchedlishvili,M 
(2540)-Essing,A (2286)/Batumi 2002/CBM 090}) 12. Be2 {White had finished his
waiting moves, but, happily, now is a good moment for developing the bishop.}
d4 {The most principled, but somewhat risky, answer, finally breaking symmetry.
} ({Since he also had no waiting moves left, Black only had a reasonable
alternative:} 12... dxc4 {The main problem with this move is that the
subsequent exchange, which was not possible at earlier stages, forces Black
into worsening the position of one of his developed pieces, allowing White to
gain time.} 13. Rxd8+ Nxd8 {This looks like the lesser evil. Black will be
able to regroup with his knight to f7 (after ...f6), although this would
slightly weaken his kingside.} (13... Qxd8 {looks like a mere losing of time.}
14. Bxc4 Bd7 15. Ne4 Nxe4 16. Qxe4 Ne7 17. Ng5 $40 {Chernin,A (2475)
-Rashkovsky,N (2400)/Sverdlovsk 1984/MCL (1-0, 31)}) 14. Ne4 Nxe4 15. Qxe4 {
Several games between strong players have been played from this position. It
is hard to say whether White's advantage is more than symbolic, because the
symmetrycal character of the structure, but play generally is one-sided,
offering Black no reasons for joy.} Bd7 (15... a5 16. Qxc4 axb4 17. axb4 Bd7
18. O-O Rc8 19. Qb3 f6 20. b5 $14 {Foisor,O (2430)-Lputian,S (2530)/Sochi 1985/
MCD (1/2, 46)}) (15... f6 16. Bxc4 Nf7 {Keres,P (2600)-Parma,B (2510)/Dortmund
1973/MCL (1/2, 23)}) 16. Bxc4 Rc8 17. Ne5 {Huebner,R (2630)-Ftacnik,L (2580)/
Polanica Zdroj 1995/CBM 049/[Ftacnik] (1-0, 68)}) 13. exd4 Nxd4 14. Nxd4 Bxd4
15. O-O {I do not know how this happened, but White has completed his
development first! True, the strong d4-bishop exerts some pressure and White
will need a tempo to exchange it, but the sudden transformation of the
position remains remarkable.} e5 {Not only gaining space and preparing to
complete the development, but also parrying the threatened knight move to d5.}
16. Na4 {The knight on the edge does not always stands  badly, especially if
it has such an appetising square available as b6.} Be6 {The most natural way
of developing the bishop, but there are two important alternatives.} ({Aronian
must have felt confident against} 16... Bg4 {, which he had faced in the past:}
17. Bxg4 Nxg4 18. Bxd4 Rxd4 19. Nb6 Rad8 20. Nd5 {The exchange its counterpart
immediately takes advantage of the available space.} Qd6 21. h3 Nf6 22. Rxd4
exd4 23. Rd1 Qe5 (23... Nxd5 24. Rxd4 Re8 25. Qd2 $16) 24. f4 Qe6 25. Qf2 $1 ({
After} 25. Qd2 b5 26. Qxd4 {, Black managed to save the game with the calm} Kh8
$1 {Aronian,L (2610)-Ftacnik,L (2602)/Germany 2003/CBM 093 (1/2, 32)}) 25... b5
26. Rxd4 bxc4 (26... Nxd5 27. cxd5 $16 Rxd5 $2 28. Qf3 $1 $18) 27. Nxf6+ Qxf6
28. Rxd8+ Qxd8 29. Qc5 $16 {The weakness of the back rank will cause Black to
lose a pawn, with a pretty difficult endgame to hold.}) (16... Bd7 {aims to
find some relief in successive exchanges.} 17. Bxd4 Bxa4 18. Qxa4 Rxd4 19. Rxd4
({It does not make sense to refrain from this exchange, because after} 19. Qc2
{Black can complete his development with} Rad8 {, when an exchange on d4 is
hard to avoid anyway, Kasparov,G (2735)-Schulte,O (2370)/Hamburg 1987/CBM 002 
(1/2, 30) By exchanging at once, White reserves himself the possibility of
transferring the queen to other squares than c2, according to necessity.})
19... exd4 20. Bd3 Rd8 (20... Ng4 {Merino Garcia,R (2285)-Estremera Panos,S 
(2400)/Montanchez 1998/EXT 2003 (1/2, 26)} 21. Qd1 $5 $146 Ne5 22. Be4 Nxc4 23.
Re1 Qd7 24. Qd3 Nd6 25. Qxd4 Re8 26. Rd1 Qe7 27. Bd3 $14 {With chances of
getting an endgame with a superior minor piece.}) 21. Qd1 g6 22. Re1 Qd7 {
Pira,D (2365)-Zelcic,R (2495)/Montpellier 1996/EXT 2004 (1-0, 70)} 23. Qf3 $5
$146 Kg7 24. g3 $5 {The pawn is safely blocked and all White's pieces are
slightly more active than Black's. Technical players will certainly enjoy the
squeezing phase, although the success is far from being guaranteed.}) (16...
Bxb2 $6 {is not to be recommended:} 17. Rxd8+ Qxd8 18. Qxb2 {Black not only
has lost his main trump, the d4-outpost, but also handed the initiative to his
opponent completely.}) 17. c5 $1 $146 {Unlike in Kasparov's simul game quoted
above, it is best to delay the capture on d4, which would speed up Black's
development.} (17. Bxd4 Rxd4 18. Rxd4 exd4 19. Nb6 Rd8 20. Rd1 g6 $13 {
Kongevold,H-Johnsen,S/Gjovik 1991 (0-1, 46)}) 17... Qc7 18. Nb6 Rab8 19. Bxd4 {
Now that the queen's rook has been forced to lose a tempo on a more or less
useless move, it is a good moment to carry out the exchange.} Rxd4 20. Rxd4
exd4 21. Rd1 Rd8 22. h3 g6 23. Qb2 {The barrier created along the d-file by
the white knight in collaboration with the c5-pawn causes Black problems in
defending his central pawn.} Qf4 $6 {As will be revealed in a comment below,
this is not a good square for the queen.} (23... Qe5 {would have maintained a
playable position.} 24. Nc4 $5 ({With the queen on e5,} 24. Bf3 Ne4 25. Re1 f5
{is rather unclear.}) 24... Bxc4 25. Bxc4 Kg7 26. Qd2 $14 {Although Black has
no immediate problems, the endgame is likely to be dangerous on account of the
advanced white majority and the vulnerability of the b7-pawn.}) 24. Bf3 $1 {
Unexpectedly, the b7-pawn cannot be defended in a satisfactory way.} d3 {
Searching for practical chances.} (24... Ne4 $2 {does not work because of} 25.
Rxd4 $18 {This is when the queen proves to be misplaced on f4.}) (24... Bxh3
25. Qd2 $16) 25. Qd2 Qd4 26. Bxb7 $16 {The advanced d-pawn is no adequate
match for the strong queenside majority.} a5 27. Bf3 axb4 28. Qxb4 $1 {Aronian
unblocks the enemy pawn, but ensures the advance of his own c-pawn as well.} d2
29. c6 Qe5 30. Nd7 $1 {An elegant simplifying operation, leaving White with an
extra pawn in a technical position.} Nxd7 31. Qxd2 Qc7 32. Qd4 Rc8 33. cxd7 Rd8
34. Qb2 Rxd7 35. Rxd7 Qxd7 36. Qb8+ Kg7 37. Qb4 Qd3 38. a4 {White counterplay
could have avoided the ensuing tactical operation, but Aronian may have been
confident that the resulting position with an extra piece is winning.} Bxh3 39.
Qb2+ Kg8 40. Be2 Qe4 41. gxh3 Qxa4 {Black's saving chances are connected with
the colour of the h8-corner, which is opposite to that of the bishop. With
queens on the board, though, White also has attacking ideas.} 42. Qb8+ Kg7 43.
Qe5+ Kg8 44. Bf3 Qd7 45. Bd5 Qxh3 {Practically giving up any resistance. Anand
may have overlooked the following simplifying manoeuvre.} 46. Qe8+ Kg7 47.
Qxf7+ Kh6 48. Qf4+ Kg7 49. Qe5+ Kh6 (49... Kf8 {leads to disaster after:} 50.
Qf6+ Ke8 51. Bc6+) 50. Qe3+ Qxe3 51. fxe3 {The rest is simple.} Kg5 52. Kg2 Kf5
53. Kf3 Ke5 54. Bg8 h6 55. Bf7 Kf5 56. Be8 h5 57. e4+ Kf6 58. Ke3 h4 59. Bd7
1-0

[Event "Amber-rapid 20th"]
[Site "Monte Carlo"]
[Date "2011.03.24"]
[Round "11"]
[White "Anand, Viswanathan"]
[Black "Giri, Anish"]
[Result "1-0"]
[WhiteElo "2817"]
[BlackElo "2690"]
[Annotator "Moradiabadi,E"]
[PlyCount "75"]
[EventDate "2011.03.12"]
[EventType "tourn (rapid)"]
[EventRounds "11"]
[EventCountry "MNC"]
[EventCategory "21"]
[SourceTitle "CBM 142"]
[Source "ChessBase"]
[SourceDate "2011.05.17"]
[SourceVersion "1"]
[SourceVersionDate "2011.05.17"]
[SourceQuality "1"]

1. e4 e5 2. Nf3 Nf6 3. Nxe5 d6 4. Nf3 Nxe4 5. d4 d5 6. Bd3 Be7 7. O-O Nc6 8. c4
Nb4 9. Re1 $5 {An odd choice by Anand. It is clear that the World Champion had
something in mind.} Nxd3 10. Qxd3 c6 11. cxd5 cxd5 12. Qb5+ Qd7 13. Qb3 O-O 14.
Nc3 Nxc3 15. bxc3 Re8 {Nothing new for Giri so far. He had examined the same
position in an encounter not long time before this game} 16. Ba3 Bxa3 17. Qxa3
b6 18. Rab1 $1 $146 {A good novelty by Anand. It creates the greatest amount
of difficulty for Black. Nevertheless, Black should be able to hold. The other
continuations have not created any difficulties for Black.} (18. Rxe8+ Qxe8 19.
Re1 Qf8 20. Qb3 h6 21. Qxd5 Be6 22. Qb5 Bxa2 23. c4 Qa3 24. h4 Qc3 25. Re8+
Rxe8 26. Qxe8+ Kh7 27. Qe4+ Kg8 28. Qa8+ Kh7 29. Qe4+ Kg8 30. Qa8+ Kh7 31. Qe4+
{1/2-1/2 (31) Jovanovic,Z (2526)-Giri,A (2624)/Rijeka 2010/CBM 136}) (18. h3 h6
19. Rab1 Qc6 20. Rxe8+ Qxe8 21. Re1 Qf8 22. Qa4 Be6 23. Re3 {1/2-1/2 (23)
Dominguez Perez,L (2712)-Kramnik,V (2788)/Wijk aan Zee 2010/CBM 135}) 18... Qd8
$2 {Giri blunders away a pawn instantly.} (18... Rxe1+ 19. Rxe1 Qc6 20. Re7 $5
(20. c4 $5 dxc4 21. d5 Qd7 22. d6 h6 23. h3 (23. Re7 Qf5 24. h3 Be6 {Black is
just safe}) 23... Qb5 24. Nd4 Qd5 25. Re8+ Kh7 26. Qf3 Qxd4 27. Qxa8 Qd1+ 28.
Kh2 Qxd6+ 29. Kg1 Be6 {and Black is far from any danger.}) 20... f6 {[%csl Ge5]
} 21. Nd2 $1 {[%cal Gd2f1,Gf1e3]} Bd7 22. Nf1 a5 23. Ne3 Be6 24. h4 Rc8 25. h5
h6 26. c4 Kh8 (26... dxc4 $4 27. d5 Bxd5 28. Nf5 $18) 27. Qd3 Qd6 28. Rxg7 Kxg7
29. Qg6+ Kh8 (29... Kf8 $4 30. Qxf6+ Ke8 31. Nf5 $18) 30. Qxh6+ Kg8 31. Qg6+
Kh8 32. Qxf6+ Kh7 (32... Kg8 $4 33. Nf5 $18) 33. Nf5 Qd7 34. Qg6+ Kh8 35. Qh6+
Kg8 $11 {Even though this exciting line is not all that forced, however it
reveals the strength behind Anand's novelty and the difficulties Black might
face in this line.}) 19. Rxe8+ Qxe8 20. Rxb6 Bg4 21. Rb7 Bxf3 22. gxf3 h6 23.
Rxa7 Rxa7 $2 {The last and final mistake. 23...Rc8 was mandatory, the rest is
just a piece of cake for Anand.} 24. Qxa7 Qc8 25. Kg2 Qc6 26. Qb8+ Kh7 27. Qb1+
Kg8 28. Qf5 Qc4 29. a4 $1 Qxa4 30. Qxd5 Qa6 31. Qe4 Qc4 32. d5 Qxc3 33. Qe8+
Kh7 34. Qxf7 Qe5 35. h4 h5 36. Qe6 Qxe6 37. dxe6 Kg6 38. f4 1-0

[Event "Tashkent m"]
[Site "Tashkent"]
[Date "2011.03.27"]
[Round "1"]
[White "Anand, Viswanathan"]
[Black "Kasimdzhanov, Rustam"]
[Result "1/2-1/2"]
[WhiteElo "2817"]
[BlackElo "2687"]
[Annotator "Estremera,S/Mellado,J"]
[PlyCount "68"]
[EventDate "2011.03.27"]
[EventType "match (rapid)"]
[EventRounds "4"]
[EventCountry "UZB"]
[SourceTitle "CBM 141 Extra"]
[Source "ChessBase"]
[SourceDate "2011.05.03"]
[SourceVersion "1"]
[SourceVersionDate "2011.05.03"]
[SourceQuality "1"]

1. e4 e5 2. Nf3 Nf6 3. Nxe5 d6 4. Nf3 Nxe4 5. d4 d5 6. Bd3 Nc6 7. O-O Be7 8.
Nc3 Bf5 9. Re1 Nxc3 10. bxc3 Bxd3 11. cxd3 {I personally don't play this
variation, but if I'm not mistaken, this is a novelty. The more popular} (11.
Qxd3 {suggests a slight edge for White thanks to a better development and
control over e5.}) 11... O-O 12. Rb1 {A very subtle move: the Rook wins a
tempo on its way to the e-file.} Rb8 {Good move. Black avoids weakening of his
white squares, and plans b7-b5-b4 at an appropriate time. The weakness of the
superficial 12...b6 is clear from the following variation:} (12... b6 13. Qa4
Qd7 $2 14. Rxe7 {and wins.}) 13. Rb2 b5 {Another alternative to stabilize the
situation on e-file is} (13... Qd7 14. Rbe2 Bd6 15. Qb3 Na5 16. Qc2 Rfe8 {
with a roughly equal play.}) 14. Rbe2 a5 {Black is trying to press on the
queenside where he has some advantage.} 15. h3 Bd6 16. Ne5 {Perhaps the only
way to pose any problems to Black.} Bxe5 {An important decision. After the
exchange of Knights, Black would have a passive and slightly worse position.} (
16... Nxe5 17. dxe5 Be7 18. d4 Qd7 19. Qd3) 17. dxe5 d4 18. cxd4 {Perhaps
better was the following wait-and-see variation:} (18. Bb2 dxc3 19. Bxc3 b4 20.
Bb2 Nd4 21. Bxd4 Qxd4 22. Re4 Qd5 23. Qc2 {with equal play.}) 18... Nxd4 19.
Re4 f5 {White's attack looks dangerous, but Black has sufficient resources to
defend.} (19... Qd5 20. Qh5 Ne6 21. d4 (21. Rh4 Qxd3) 21... Rfe8 22. Rh4 Nf8 {
with a comfortable play for Black. Black's last move opens up the position,
which White's Bishop stronger.}) 20. exf6 Qxf6 21. Bf4 Rbd8 22. Qd2 c5 {
A brilliant move. Despite the severe time trouble, Rustam is very precise in
calculating the consequences of this move.} 23. Bg5 Qg6 24. Rg4 h5 25. Rg3 Nf5
26. Bxd8 Nxg3 27. Bxa5 {The point of Black's idea was:} (27. Be7 Nf5 28. Bxf8
Nh4 {and White suddenly loses.}) ({The attampt to go for a better endgame} 27.
Qg5 {wouldn't work either, because of} Qxd3 ({weak is} 27... Qxg5 28. Bxg5 Nf5
29. Re5 {and the R+B pair dominates}) 28. Be7 Ne2+ 29. Rxe2 Qxe2 30. Bxf8 Kxf8
31. Qxc5+ Kg8 {with a draw}) 27... Nf5 28. Qf4 Nd4 29. Qe4 {The following line
would have kept a slight advantage:} (29. Qg3 Qxg3 30. fxg3 Ra8 31. Bb6 Rxa2
32. Bxc5) 29... Qf7 30. f3 {You can't call this a mistake, because} (30. Kh1 {
is hard to find under this time control. The point is that now after} Qxa2 (
30... Qxf2 31. Qd5+ Qf7 32. Qxc5) 31. Bb6 Rf5 32. Bxc5 {there is no 32...Nf3})
30... Qxa2 31. Bb6 Rf5 32. Kh1 Qd5 33. Rc1 Ne6 34. Re1 {Black's position is
considerably better, The white Bishop hardly feels well, while black pieces
are well coordinated. If there were more time, I think we'd have seen} Kf7 {
or the more precise} (34... Qxe4 35. Rxe4 (35. dxe4 Rf8 {the pair of connected
pawns is very dangerous}) 35... Kf7 {with excellent winning chances for Black
in either case.}) 1/2-1/2